| 000 | 00882nam a2200289Ia 4500 | ||
|---|---|---|---|
| 003 | OSt | ||
| 005 | 20220924124220.0 | ||
| 006 | a|||||r|||| 00| 0 | ||
| 007 | ta | ||
| 008 | 220923b |||||||| |||| 00| 0 urd d | ||
| 020 | _c150 | ||
| 024 | _a291060 | ||
| 037 |
_b4689, 09/03/2016, Kitabi Duniya _cTextual |
||
| 040 |
_aARTS _cARTS _burd |
||
| 041 |
_2urd _aurd |
||
| 082 | _aX5:8, 168M0;P4 | ||
| 100 |
_aBodington. A.L. _9195208 |
||
| 245 | 0 | _aShumariyat aur karobar mein unka istmal. | |
| 260 |
_aNew Delhi _b National Council for Urdu Language. India _c2004 |
||
| 300 |
_a392p. _ccm. |
||
| 650 | _a ECONOMICS | ||
| 650 |
_a MANAGEMENT _930681 |
||
| 650 | _aCOMMERCE | ||
| 700 |
_a Hasan. Najmul Tr. _9195209 |
||
| 942 |
_hX5:8, 168M0;P4 _cTEXL _2CC |
||
| 999 |
_c418848 _d418848 |
||